[Event "EUR-ch Seniors 50"]
[Site "Prague"]
[Date "2021.08.30"]
[Round "1.1"]
[White "Svanda, Pavel"]
[Black "Kachiani Gersinska, Ketino"]
[Result "1-0"]
[WhiteElo "2081"]
[BlackElo "2318"]
[PlyCount "125"]
[EventDate "2021.08.30"]
[EventType "team-tourn"]
[EventRounds "9"]
[EventCountry "CZE"]
[SourceTitle "CBM 204 Extra"]
[Source "ChessBase"]
[SourceDate "2021.11.30"]
[SourceVersion "1"]
[SourceVersionDate "2021.11.30"]
[SourceQuality "1"]
[WhiteTeam "Vysocina KSS 50"]
[BlackTeam "Germany (Women) 50"]
[WhiteTeamCountry "CZE"]
[BlackTeamCountry "GER"]

1. e4 e5 2. Nf3 Nc6 3. d3 Nf6 4. Be2 Be7 5. 0-0 d5 6. Nbd2 0-0 7. c3 a5 8. Re1 Bg4 9. Qc2 Qd7 10. Nf1 d4 11. Bg5 h6 12. Bh4 Rfd8 13. Rad1 Nh5 14. Bg3 Nxg3 15. Nxg3 a4 16. h3 Be6 17. c4 a3 18. b3 Bb4 19. Rf1 Bc3 20. Qb1 Rdb8 21. Nh2 b5 22. Bg4 bxc4 23. dxc4 Na5 24. Ne2 Bb2 25. Bxe6 Qxe6 26. Nf3 c5 27. Ne1 Qg6 28. f3 Qg5 29. Nd3 Qe3+ 30. Rf2 Nxb3 31. axb3 Rxb3 32. Qc2 Rbb8 33. Nec1 a2 34. Nxa2 Rxa2 35. Kh2 Ra1 36. Re2 Qg5 37. Rb1 Rba8 38. Rxb2 R8a3 39. Re1 Rxe1 40. Nxe1 Qf4+ 41. Kg1 Ra1 42. Kf1 Rc1 43. Qe2 Qg3 44. Rd2 Kh7 45. Rd1 Rc3 46. Qd2 Rxc4 47. Rc1 Rb4 48. Rxc5 Rb3 49. Rc7 Qg6 50. Qc2 Re3 51. Qc4 Qg3 52. Nd3 f6 53. Ra7 Qh2 54. Qc8 Qg3 55. Qf5+ Qg6 56. Qxg6+ Kxg6 57. Nc5 Rc3 58. Ne6 d3 59. Rxg7+ Kh5 60. Rd7 Kh4 61. Kg1 Kg3 62. Rg7+ Kh4 63. Rg4+ 1-0

[Event "WchT Seniors 50"]
[Site "Prague"]
[Date "2020.03.06"]
[Round "1.5"]
[White "Ftacnik, Lubomir"]
[Black "Svanda, Pavel"]
[Result "1-0"]
[WhiteElo "2513"]
[BlackElo "2074"]
[PlyCount "85"]
[EventDate "2020.03.06"]
[EventType "team-swiss"]
[EventRounds "7"]
[EventCountry "CZE"]
[SourceTitle "CBM 195 Extra"]
[Source "ChessBase"]
[SourceDate "2020.05.31"]
[SourceVersion "1"]
[SourceVersionDate "2020.05.31"]
[SourceQuality "1"]
[WhiteTeam "Slovakia 50"]
[BlackTeam "Czech Republic 50 VIII"]
[WhiteTeamCountry "SVK"]
[BlackTeamCountry "CZE"]

1. d4 d5 2. c4 dxc4 3. Nf3 Nf6 4. e3 e6 5. Bxc4 c5 6. 0-0 Nc6 7. Qe2 cxd4 8. exd4 Be7 9. Rd1 0-0 10. Nc3 Nb4 11. Bg5 Nbd5 12. Ne5 Nxc3 13. bxc3 Nd5 14. Bxe7 Qxe7 15. Qf3 f6 16. Ng4 Qd6 17. Rab1 Rb8 18. Ne3 Nxe3 19. Qxe3 b6 20. Bb3 Bd7 21. c4 Qc7 22. c5 Rbe8 23. Rbc1 Kh8 24. c6 Bc8 25. Qg3 e5 26. Re1 Re7 27. dxe5 fxe5 28. Re3 Rf6 29. Rf3 Be6 30. Rxf6 gxf6 31. Qh4 Kg7 32. Bc2 Bg8 33. Be4 Qd6 34. Qg4+ Kh8 35. Rd1 Qe6 36. Qf3 Kg7 37. h4 Qc8 38. h5 Qf8 39. Rd6 Be6 40. Rxe6 Rxe6 41. Qg4+ Kf7 42. Bd5 Qd6 43. c7 1-0

[Event "CZE-chT2C 1415"]
[Site "Czech Republic"]
[Date "2015.02.08"]
[Round "7.6"]
[White "Soucek, Milan"]
[Black "Svanda, Pavel"]
[Result "0-1"]
[WhiteElo "2071"]
[BlackElo "2136"]
[PlyCount "130"]
[EventDate "2014.11.02"]
[EventType "team-tourn"]
[EventRounds "11"]
[EventCountry "CZE"]
[SourceTitle "EXT 2022"]
[Source "ChessBase"]
[SourceDate "2021.10.06"]
[SourceVersion "1"]
[SourceVersionDate "2021.10.06"]
[SourceQuality "1"]
[WhiteTeam "Kolin"]
[BlackTeam "Jihlava Gordic"]
[WhiteTeamCountry "CZE"]
[BlackTeamCountry "CZE"]

1. e4 c5 2. d4 cxd4 3. c3 dxc3 4. Nxc3 d6 5. Bc4 Nf6 6. e5 Nfd7 7. Nf3 Nc6 8. exd6 exd6 9. 0-0 Nde5 10. Re1 Be7 11. Nxe5 dxe5 12. Qh5 0-0 13. Nd5 Be6 14. Rd1 g6 15. Qe2 Bd6 16. Be3 Na5 17. Bb5 Nc6 18. Bc4 Re8 19. Qd2 Be7 20. Qe2 Nd4 21. Bxd4 exd4 22. Qf3 Rc8 23. Rxd4 Kg7 24. Nxe7 Qxe7 25. Bxe6 Qxe6 26. h4 Qf6 27. Rf4 Qe7 28. h5 Rc7 29. Rd1 Qe2 30. Qd5 Qxh5 31. Qd6 Qe5 32. Qxe5+ Rxe5 33. Rd2 Rh5 34. g3 Rhc5 35. Rfd4 Rc2 36. Kg2 Rxd2 37. Rxd2 h5 38. f4 Kf6 39. Kf3 Rc6 40. Rd7 Rb6 41. b3 Ke6 42. Rc7 Ra6 43. Rxb7 Rxa2 44. Ke3 a5 45. Rb5 Ra3 46. Kf2 Kd6 47. f5 Ke7 48. fxg6 fxg6 49. Ke2 a4 50. bxa4 Rxg3 51. Kf2 Ra3 52. a5 Kf6 53. Rb6+ Kf5 54. Rb5+ Kf4 55. Rb4+ Kg5 56. Rb5+ Kh6 57. Kg2 h4 58. Rc5 g5 59. Rc6+ Kh5 60. a6 Ra2+ 61. Kg1 h3 62. Rb6 g4 63. Rc6 g3 64. Rc5+ Kg4 65. Rc4+ Kf5 0-1

[Event "CZE-chT2C 1415"]
[Site "Czech Republic"]
[Date "2014.11.16"]
[Round "2.5"]
[White "Umanec, Filip"]
[Black "Svanda, Pavel"]
[Result "1-0"]
[WhiteElo "2290"]
[BlackElo "2136"]
[PlyCount "87"]
[EventDate "2014.11.02"]
[EventType "team-tourn"]
[EventRounds "11"]
[EventCountry "CZE"]
[SourceTitle "EXT 2022"]
[Source "ChessBase"]
[SourceDate "2021.10.06"]
[SourceVersion "1"]
[SourceVersionDate "2021.10.06"]
[SourceQuality "1"]
[WhiteTeam "Praha Grop"]
[BlackTeam "Jihlava Gordic"]
[WhiteTeamCountry "CZE"]
[BlackTeamCountry "CZE"]

1. e4 c5 2. Nf3 Nc6 3. c3 Nf6 4. e5 Nd5 5. Bc4 e6 6. d4 Nb6 7. Bb3 cxd4 8. cxd4 d5 9. Nc3 Be7 10. Bc2 Bd7 11. h4 h6 12. a3 Nc4 13. Qd3 b5 14. Rh3 b4 15. Ne2 Qa5 16. Kf1 Rc8 17. a4 b3 18. Bxb3 Nb4 19. Qd1 Qa6 20. Kg1 Na5 21. Nc3 0-0 22. Rg3 Kh8 23. Be3 Nxb3 24. Qxb3 Nd3 25. Qc2 Rb8 26. Rb1 Rfc8 27. Qd2 Bf8 28. Ne1 Nxe1 29. Rxe1 h5 30. Bg5 Kh7 31. Rf3 Be8 32. Kh2 g6 33. g4 hxg4 34. Rg3 Qb6 35. Re2 Rc4 36. Rxg4 Rb4 37. h5 f5 38. hxg6+ Bxg6 39. Rh4+ Kg8 40. Bf6 Kf7 41. Qf4 Re8 42. Re3 Rxb2 43. Rg3 Rc8 44. Nd1 1-0

[Event "CZE-chT2C 1314"]
[Site "Czech Republic"]
[Date "2014.01.05"]
[Round "5.5"]
[White "Dvorak, Jan"]
[Black "Svanda, Pavel"]
[Result "1-0"]
[WhiteElo "2214"]
[BlackElo "2156"]
[PlyCount "77"]
[EventDate "2013.11.03"]
[EventType "team-tourn"]
[EventRounds "11"]
[EventCountry "CZE"]
[SourceTitle "EXT 2015"]
[Source "ChessBase"]
[SourceDate "2014.11.20"]
[SourceVersion "1"]
[SourceVersionDate "2014.11.20"]
[SourceQuality "1"]
[WhiteTeam "Praha Kobylisy"]
[BlackTeam "Jihlava Gordic"]
[WhiteTeamCountry "CZE"]
[BlackTeamCountry "CZE"]

1. d4 Nf6 2. c4 d6 3. Nf3 Nbd7 4. Nc3 e5 5. e4 c6 6. Be2 Be7 7. 0-0 0-0 8. Re1 Re8 9. Rb1 a5 10. b3 Bf8 11. d5 cxd5 12. cxd5 Nc5 13. Bb5 Bd7 14. Bxd7 Qxd7 15. Qe2 Rec8 16. Nd2 a4 17. Nc4 Qc7 18. Nb5 Qd8 19. f3 axb3 20. axb3 Ra6 21. Be3 Nfd7 22. b4 Na4 23. Na5 Rxa5 24. bxa5 Qxa5 25. Rec1 Nac5 26. Ra1 Qd8 27. Ra3 g6 28. Rca1 Kg7 29. Nc3 Be7 30. Qd2 Nb6 31. Qe2 Nbd7 32. Na4 h5 33. Nxc5 Nxc5 34. Rb1 b6 35. Qb5 Rc7 36. Rba1 Nd7 37. Ra8 Rc8 38. Rxc8 Qxc8 39. Qc6 1-0

[Event "CZE-chT2C 1314"]
[Site "Czech Republic"]
[Date "2013.12.15"]
[Round "4.4"]
[White "Rozkovec, Hynek"]
[Black "Svanda, Pavel"]
[Result "0-1"]
[WhiteElo "2097"]
[BlackElo "2156"]
[PlyCount "130"]
[EventDate "2013.11.03"]
[EventType "team-tourn"]
[EventRounds "11"]
[EventCountry "CZE"]
[SourceTitle "EXT 2015"]
[Source "ChessBase"]
[SourceDate "2014.11.20"]
[SourceVersion "1"]
[SourceVersionDate "2014.11.20"]
[SourceQuality "1"]
[WhiteTeam "Vysehrad III"]
[BlackTeam "Jihlava Gordic"]
[WhiteTeamCountry "CZE"]
[BlackTeamCountry "CZE"]

1. e4 e5 2. Nf3 Qe7 3. Nc3 d6 4. Bc4 c6 5. a4 Bg4 6. h3 Bh5 7. d3 a5 8. g4 Bg6 9. Bg5 Nf6 10. Nh4 Qc7 11. Qd2 Be7 12. 0-0-0 Nbd7 13. Nf5 Bxf5 14. gxf5 g6 15. fxg6 fxg6 16. Rhf1 0-0-0 17. Be6 Kb8 18. Kb1 Nc5 19. Ba2 Nh5 20. Be3 Rhf8 21. Ka1 Rf3 22. Rb1 Na6 23. Be6 Rf6 24. Bg4 Nf4 25. Ne2 h5 26. Bxf4 exf4 27. Bf3 Nc5 28. Nc3 Ne6 29. d4 Ng5 30. Be2 Nxh3 31. b4 d5 32. e5 Rff8 33. Na2 f3 34. Bd3 axb4 35. Nxb4 Ka8 36. Rb2 Qa5 37. c3 Nf4 38. Rfb1 Rd7 39. Bc2 h4 40. Bd1 Ne6 41. Qd3 Nf4 42. Qc2 Bxb4 43. Rxb4 Qa6 44. Rb6 Qa5 45. Qb3 Rff7 46. Rxc6 Rc7 47. e6 Rfe7 48. Rxc7 Qxc7 49. Bxf3 Rxe6 50. c4 Ra6 51. cxd5 Qd7 52. Kb2 Rxa4 53. Ra1 Rxa1 54. Kxa1 Qd6 55. Kb2 Kb8 56. Kc2 Kc7 57. Kd2 b6 58. Qc3+ Kd7 59. Be4 g5 60. Qb3 Ke7 61. Ke1 Nh5 62. Kf1 Nf6 63. Bg2 Kf7 64. Qh3 Kg6 65. Bf3 Qf4 0-1

[Event "CZE-chT2D 1112"]
[Site "Czech Republic"]
[Date "2011.11.20"]
[Round "3"]
[White "Hofirek, Benedikt"]
[Black "Svanda, Pavel"]
[Result "0-1"]
[WhiteElo "1949"]
[BlackElo "2159"]
[PlyCount "60"]
[EventDate "2011.10.09"]
[EventType "team-tourn"]
[EventRounds "11"]
[EventCountry "CZE"]
[SourceTitle "EXT 2013"]
[Source "ChessBase"]
[SourceDate "2012.11.22"]
[SourceVersion "1"]
[SourceVersionDate "2012.11.22"]
[SourceQuality "1"]
[WhiteTeam "Rychnov nad Kneznou"]
[BlackTeam "Trebic Caissa"]
[WhiteTeamCountry "CZE"]
[BlackTeamCountry "CZE"]

1. c4 e5 2. g3 d6 3. Bg2 c6 4. Nc3 Nf6 5. d3 Be7 6. Nf3 0-0 7. 0-0 a5 8. a3 Qc7 9. Bd2 Na6 10. b4 axb4 11. axb4 Bf5 12. Qb3 Qd7 13. Rfc1 h6 14. Na4 Qc7 15. Be3 Nb8 16. Bb6 Qc8 17. d4 Nbd7 18. b5 e4 19. Nh4 Be6 20. bxc6 bxc6 21. Bh1 Qa6 22. Qb2 g5 23. Ng2 Bxc4 24. Ne3 Be6 25. f4 Qb5 26. Rcb1 Rxa4 27. Rxa4 Qxa4 28. f5 Bd5 29. h4 Rb8 30. Ra1 Rxb6 0-1

[Event "CZE-chT2D 1112"]
[Site "Czech Republic"]
[Date "2011.11.06"]
[Round "2"]
[White "Svanda, Pavel"]
[Black "Hajek, Jaroslav"]
[Result "1-0"]
[WhiteElo "2159"]
[BlackElo "1958"]
[PlyCount "104"]
[EventDate "2011.10.09"]
[EventType "team-tourn"]
[EventRounds "11"]
[EventCountry "CZE"]
[SourceTitle "EXT 2013"]
[Source "ChessBase"]
[SourceDate "2012.11.22"]
[SourceVersion "1"]
[SourceVersionDate "2012.11.22"]
[SourceQuality "1"]
[WhiteTeam "Trebic Caissa"]
[BlackTeam "Zajecice"]
[WhiteTeamCountry "CZE"]
[BlackTeamCountry "CZE"]

1. e4 c5 2. Nf3 e6 3. d4 cxd4 4. Nxd4 Nc6 5. Be3 Qc7 6. Bd3 Nf6 7. 0-0 a6 8. c4 Nxd4 9. Bxd4 Bd6 10. h3 Be5 11. Bxe5 Qxe5 12. Nc3 0-0 13. Qe1 b6 14. Qe3 Rb8 15. f4 Qc7 16. e5 Ne8 17. Rad1 Bb7 18. b3 d6 19. exd6 Nxd6 20. f5 Nxf5 21. Bxf5 exf5 22. Rxf5 Rbd8 23. Rxd8 Qxd8 24. Re5 Qd6 25. Nd5 Bxd5 26. Rxd5 Qf6 27. Qd4 Qxd4+ 28. Rxd4 Rb8 29. Kf2 Kf8 30. Rd7 Re8 31. Ra7 a5 32. c5 bxc5 33. Rxa5 Rc8 34. Ke2 Ke7 35. Kd2 f5 36. Kc3 h5 37. Kc4 Kd6 38. Ra7 g5 39. Rh7 g4 40. Rxh5 gxh3 41. Rh6+ Ke5 42. Rxh3 Rg8 43. Kxc5 Rxg2 44. a4 f4 45. b4 Rc2+ 46. Kb6 Ke4 47. a5 f3 48. a6 f2 49. Rh1 Ke3 50. a7 Ra2 51. b5 Ke2 52. Kb7 f1Q 1-0

[Event "CZE-chT1E 1112"]
[Site "Czech Republic"]
[Date "2011.10.23"]
[Round "2.6"]
[White "Navratil, Jiri2222"]
[Black "Svanda, Pavel"]
[Result "0-1"]
[WhiteElo "2047"]
[BlackElo "2159"]
[PlyCount "80"]
[EventDate "2011.10.02"]
[EventType "team-tourn"]
[EventRounds "11"]
[EventCountry "CZE"]
[SourceTitle "EXT 2012"]
[Source "ChessBase"]
[SourceDate "2011.11.24"]
[SourceVersion "1"]
[SourceVersionDate "2011.11.24"]
[SourceQuality "1"]
[WhiteTeam "Litovel II"]
[BlackTeam "Jihlava Gordic"]
[WhiteTeamCountry "CZE"]
[BlackTeamCountry "CZE"]

1. e4 e5 2. Nf3 Qe7 3. Nc3 d6 4. d4 c6 5. Bc4 Bg4 6. Be3 Nf6 7. dxe5 dxe5 8. a4 Qc7 9. Qd3 Be7 10. Nd2 0-0 11. f3 Bc8 12. 0-0 a5 13. Qe2 Nbd7 14. f4 exf4 15. Bxf4 Bd6 16. Bxd6 Qxd6 17. Nf3 Ne5 18. Rad1 Nxf3+ 19. Rxf3 Qc5+ 20. Kh1 Bg4 21. e5 Rae8 22. Re1 Bxf3 23. gxf3 Nd5 24. Ne4 Qd4 25. Nd6 Re6 26. Nf5 Qf4 27. Qe4 Qxe4 28. Rxe4 Rd8 29. Nd6 b6 30. f4 Kf8 31. f5 Rexd6 32. exd6 Rxd6 33. Kg2 Rf6 34. Re5 Rxf5 35. Re1 g5 36. Kg3 Rf4 37. b3 h5 38. Re5 h4+ 39. Kg2 f6 40. Re6 Rxc4 0-1

[Event "CZE-chT2D 1011"]
[Site "Czech Republic"]
[Date "2011.04.10"]
[Round "11"]
[White "Prandstetter, Eduard"]
[Black "Svanda, Pavel"]
[Result "0-1"]
[WhiteElo "2318"]
[BlackElo "2168"]
[PlyCount "88"]
[EventDate "2010.10.17"]
[EventType "team-tourn"]
[EventRounds "11"]
[EventCountry "CZE"]
[SourceTitle "EXT 2012"]
[Source "ChessBase"]
[SourceDate "2011.11.24"]
[SourceVersion "1"]
[SourceVersionDate "2011.11.24"]
[SourceQuality "1"]
[WhiteTeam "Pardubice AKIS"]
[BlackTeam "Trebic Caissa II"]
[WhiteTeamCountry "CZE"]
[BlackTeamCountry "CZE"]

1. e4 e5 2. Nf3 Qe7 3. b3 Nf6 4. Ba3 d6 5. Nc3 Nc6 6. Be2 Nd4 7. Nxd4 exd4 8. Nd5 Nxd5 9. exd5 Qe5 10. 0-0 Qxd5 11. Bc4 Qf5 12. Re1+ Be6 13. g4 Qg6 14. Bxe6 fxe6 15. Qe2 Kd7 16. Kh1 a6 17. f4 d5 18. Bb2 Bd6 19. f5 exf5 20. gxf5 Qxf5 21. Bxd4 Rae8 22. Qg2 Kc8 23. d3 Qh5 24. Bf2 Re2 25. Rxe2 Qxe2 26. Bg3 Qxg2+ 27. Kxg2 Bxg3 28. Kxg3 Re8 29. Rf1 Re7 30. Rf8+ Kd7 31. Rh8 h6 32. Kf3 d4 33. Rb8 b6 34. Ra8 Re3+ 35. Kf2 Rh3 36. Kg2 Rh5 37. a4 Rc5 38. Rg8 Rxc2+ 39. Kf3 g5 40. Rg7+ Kc8 41. h4 gxh4 42. Rg4 Rc3 43. Ke4 Rxb3 44. Rxh4 Ra3 0-1

[Event "CZE-chT2D 1011"]
[Site "Czech Republic"]
[Date "2011.03.06"]
[Round "9"]
[White "Svanda, Pavel"]
[Black "Malivanek, Jiri"]
[Result "1/2-1/2"]
[WhiteElo "2168"]
[BlackElo "2135"]
[PlyCount "60"]
[EventDate "2010.10.17"]
[EventType "team-tourn"]
[EventRounds "11"]
[EventCountry "CZE"]
[SourceTitle "EXT 2012"]
[Source "ChessBase"]
[SourceDate "2011.11.24"]
[SourceVersion "1"]
[SourceVersionDate "2011.11.24"]
[SourceQuality "1"]
[WhiteTeam "Trebic Caissa II"]
[BlackTeam "Chrudim"]
[WhiteTeamCountry "CZE"]
[BlackTeamCountry "CZE"]

1. e4 e6 2. d3 c5 3. Nd2 g6 4. g3 Bg7 5. Bg2 Nc6 6. c3 Nge7 7. Ngf3 b5 8. 0-0 Rb8 9. Nb3 d6 10. d4 c4 11. Nbd2 0-0 12. Re1 Qc7 13. Nf1 e5 14. Ne3 exd4 15. cxd4 Qb6 16. Nc2 d5 17. exd5 Nxd5 18. Ne5 Nce7 19. Ne3 Qd6 20. a4 a6 21. axb5 axb5 22. f4 Bb7 23. Bd2 Rfd8 24. Nc2 Nf5 25. Ba5 Re8 26. Qd2 h5 27. Be4 Nf6 28. Bxb7 Rxb7 29. Bb4 Qd5 30. Bc3 Ng4 1/2-1/2

[Event "CZE-chT2D 1011"]
[Site "Czech Republic"]
[Date "2010.12.05"]
[Round "4"]
[White "Svanda, Pavel"]
[Black "Kraus, Tomas"]
[Result "0-1"]
[WhiteElo "2168"]
[BlackElo "2123"]
[PlyCount "72"]
[EventDate "2010.10.17"]
[EventType "team-tourn"]
[EventRounds "11"]
[EventCountry "CZE"]
[SourceTitle "EXT 2012"]
[Source "ChessBase"]
[SourceDate "2011.11.24"]
[SourceVersion "1"]
[SourceVersionDate "2011.11.24"]
[SourceQuality "1"]
[WhiteTeam "Trebic Caissa II"]
[BlackTeam "Vysoke Myto"]
[WhiteTeamCountry "CZE"]
[BlackTeamCountry "CZE"]

1. e4 c5 2. Nf3 d6 3. d4 cxd4 4. Nxd4 Nf6 5. Nc3 a6 6. a4 e6 7. Be2 Be7 8. 0-0 Nc6 9. Be3 0-0 10. f4 Qc7 11. Nb3 b6 12. Bf3 Bb7 13. Qd2 Rac8 14. Rfd1 Rfd8 15. Qf2 Nd7 16. Rd2 Nc5 17. Nxc5 dxc5 18. Rad1 Nd4 19. Bxd4 cxd4 20. Ne2 Bb4 21. Rd3 Qxc2 22. e5 Bxf3 23. Qxf3 Qxb2 24. Ng3 Rc3 25. Ne4 Rxd3 26. Qxd3 Bc5 27. h3 h6 28. Kh2 a5 29. Qf3 Qc2 30. Rd3 Qxa4 31. f5 exf5 32. Qxf5 Qd7 33. Qf4 Qe6 34. Rg3 Kf8 35. Nf6 gxf6 36. Qxh6+ Ke7 0-1

[Event "CZE-chT2D 0910"]
[Site "Czech Republic"]
[Date "2010.01.17"]
[Round "5.2"]
[White "Mlynek, Petr"]
[Black "Svanda, Pavel"]
[Result "1-0"]
[WhiteElo "2218"]
[BlackElo "2202"]
[PlyCount "126"]
[EventDate "2009.10.18"]
[EventType "team-tourn"]
[EventRounds "11"]
[EventCountry "CZE"]
[SourceTitle "EXT 2012"]
[Source "ChessBase"]
[SourceDate "2011.11.24"]
[SourceVersion "1"]
[SourceVersionDate "2011.11.24"]
[SourceQuality "1"]
[WhiteTeam "Brno Duras II"]
[BlackTeam "Trebic Caissa II"]
[WhiteTeamCountry "CZE"]
[BlackTeamCountry "CZE"]

1. d4 d6 2. Nf3 c6 3. c4 Qc7 4. Nc3 e5 5. e4 Bg4 6. Be3 Nf6 7. Be2 Be7 8. h3 Bh5 9. 0-0 Nbd7 10. Nd2 Bg6 11. f4 exf4 12. Rxf4 h5 13. Qe1 0-0-0 14. b4 h4 15. c5 Nh5 16. Nc4 dxc5 17. Bxh5 Rxh5 18. bxc5 Nf8 19. d5 Bxc5 20. Bxc5 cxd5 21. Bxa7 dxc4 22. Qf2 Ne6 23. Rg4 Qc6 24. Nd5 Rhxd5 25. exd5 Rxd5 26. Qxh4 b5 27. a4 Qa6 28. Qf2 bxa4 29. Rc1 Bd3 30. Qxf7 Rd7 31. Qg8+ Kb7 32. Qb8+ Kc6 33. Be3 a3 34. Qb4 a2 35. Qc3 Kb7 36. Ra1 Rc7 37. Qb2+ Kc8 38. Rxa2 Qb7 39. Qxb7+ Kxb7 40. Ra7+ Kc6 41. Rxc7+ Kxc7 42. Kf2 Kd6 43. Bd4 Bf5 44. Rh4 Kd7 45. Bc3 g6 46. Ke3 Bd3 47. Rh8 Bf1 48. g4 g5 49. h4 gxh4 50. Rxh4 Bd3 51. Rh5 Kd6 52. Ra5 Ke7 53. g5 Kf7 54. Kf3 Kg6 55. Kg4 Be2+ 56. Kh4 Bd3 57. Re5 Nf4 58. Ra5 Kf7 59. Kg4 Ng6 60. Kh5 Nf4+ 61. Kh6 Ng6 62. Ra7+ Ke8 63. Kg7 Nf4 1-0

[Event "CZE-chT2D 0910"]
[Site "Czech Republic"]
[Date "2009.12.06"]
[Round "4.2"]
[White "Svanda, Pavel"]
[Black "Cechura, Petr"]
[Result "0-1"]
[WhiteElo "2202"]
[BlackElo "2278"]
[PlyCount "48"]
[EventDate "2009.10.18"]
[EventType "team-tourn"]
[EventRounds "11"]
[EventCountry "CZE"]
[SourceTitle "EXT 2012"]
[Source "ChessBase"]
[SourceDate "2011.11.24"]
[SourceVersion "1"]
[SourceVersionDate "2011.11.24"]
[SourceQuality "1"]
[WhiteTeam "Trebic Caissa II"]
[BlackTeam "Rychnov nad Kneznou"]
[WhiteTeamCountry "CZE"]
[BlackTeamCountry "CZE"]

1. e4 c5 2. Nf3 a6 3. c4 Nc6 4. d4 cxd4 5. Nxd4 Nf6 6. Nc3 g6 7. Nxc6 bxc6 8. e5 Ng8 9. Bd3 Bg7 10. Qe2 Nh6 11. h4 d6 12. h5 Nf5 13. Bf4 0-0 14. Bxf5 Bxf5 15. g4 Be6 16. hxg6 hxg6 17. 0-0-0 Qa5 18. f3 Bxe5 19. Nd5 Bxf4+ 20. Nxf4 Qxa2 21. Nxe6 Rab8 22. Nd4 Qa1+ 23. Kd2 Rxb2+ 24. Nc2 Qa5+ 0-1

[Event "CZE-chT2D 0910"]
[Site "Czech Republic"]
[Date "2009.11.22"]
[Round "3.1"]
[White "Svanda, Pavel"]
[Black "Volak, Michal"]
[Result "1/2-1/2"]
[WhiteElo "2202"]
[BlackElo "2181"]
[PlyCount "131"]
[EventDate "2009.10.18"]
[EventType "team-tourn"]
[EventRounds "11"]
[EventCountry "CZE"]
[SourceTitle "EXT 2012"]
[Source "ChessBase"]
[SourceDate "2011.11.24"]
[SourceVersion "1"]
[SourceVersionDate "2011.11.24"]
[SourceQuality "1"]
[WhiteTeam "Trebic Caissa II"]
[BlackTeam "Pelhrimov"]
[WhiteTeamCountry "CZE"]
[BlackTeamCountry "CZE"]

1. e4 c5 2. Nf3 d6 3. Bc4 e6 4. 0-0 Nc6 5. c3 Rb8 6. d4 b5 7. Bd3 e5 8. a4 a6 9. axb5 axb5 10. Qe2 c4 11. Bc2 Nf6 12. b3 cxb3 13. Bxb3 Be7 14. Qa2 exd4 15. Bxf7+ Kf8 16. Bd5 Qb6 17. Ng5 Nd8 18. cxd4 Qxd4 19. Nf3 Qd3 20. Qa7 Nd7 21. Ne1 Qe2 22. Nc3 Qh5 23. Nf3 Bb7 24. Bxb7 Rxb7 25. Qe3 Kf7 26. Nd5 Re8 27. Bb2 Kg8 28. Rfc1 Nf6 29. Qd4 Ne6 30. Qd3 Nc5 31. Nxe7+ Rbxe7 32. Qxb5 Rb7 33. Qc4+ Qf7 34. Bxf6 gxf6 35. Qd5 Nxe4 36. Qd4 Nc5 37. Rab1 Nb3 38. Qg4+ Qg6 39. Qc4+ Qf7 40. Qg4+ Qg6 41. Qc4+ Qf7 42. Qxf7+ Kxf7 43. Rc3 Nc5 44. Rd1 Rb2 45. Nd4 Rd2 46. Rcc1 Rxd1+ 47. Rxd1 Rd8 48. f3 Ne6 49. Nf5 d5 50. Kf2 Ng7 51. Nd4 Ne6 52. Ke3 Nxd4 53. Kxd4 Ke6 54. Ra1 h5 55. g3 Rd7 56. Ra4 Rd8 57. Ke3 Kf5 58. Rf4+ Kg5 59. Kd4 Kg6 60. Kc5 Rd7 61. Rd4 Rd8 62. h3 Rd7 63. Rxd5 Re7 64. Kd4 Re2 65. g4 hxg4 66. hxg4 1/2-1/2

[Event "CZE-chT2D 0910"]
[Site "Czech Republic"]
[Date "2009.10.18"]
[Round "1.2"]
[White "Sabol, Marian"]
[Black "Svanda, Pavel"]
[Result "1-0"]
[WhiteElo "2343"]
[BlackElo "2202"]
[PlyCount "69"]
[EventDate "2009.10.18"]
[EventType "team-tourn"]
[EventRounds "11"]
[EventCountry "CZE"]
[SourceTitle "EXT 2012"]
[Source "ChessBase"]
[SourceDate "2011.11.24"]
[SourceVersion "1"]
[SourceVersionDate "2011.11.24"]
[SourceQuality "1"]
[WhiteTeam "Zajecice"]
[BlackTeam "Trebic Caissa II"]
[WhiteTeamCountry "CZE"]
[BlackTeamCountry "CZE"]

1. e4 d6 2. d4 Nf6 3. Nc3 e5 4. dxe5 dxe5 5. Qxd8+ Kxd8 6. Bc4 Be6 7. Bxe6 fxe6 8. f3 Bc5 9. Nge2 a6 10. Bg5 Nc6 11. 0-0-0+ Ke7 12. Kb1 Rad8 13. Nc1 h6 14. Bh4 g5 15. Bg3 Nh5 16. Nd3 Nxg3 17. hxg3 Bd4 18. Ne2 Be3 19. g4 Kf6 20. c3 h5 21. gxh5 g4 22. fxg4 Kg5 23. Rh3 Bb6 24. Kc2 Rdf8 25. Rf3 Rfg8 26. Rdf1 Kh6 27. Rf6+ Kg5 28. Rxe6 Kxg4 29. Rxc6 bxc6 30. Nxe5+ Kxh5 31. Rh1+ Kg5 32. Rxh8 Rxh8 33. Nf7+ Kf6 34. Nxh8 Kg7 35. Nd4 1-0